Представление документа в формате RUSMARC

ПолеНазваниеЗначение
  Тип записи a
  Библиографический уровень m
001 Контрольный номер RU/CBS_UL/BASE/571326247
005 Дата корректировки 20240209174807.3
010 Индекс ISBN __
a ISBN 978-5-298-03323-7
d Цена 56 р. 00 к.
9 Тираж 3 000 экз.
100 Данные общей обработки __
a Данные общей обработки 20180207d2018 ||| 0rusy0189 ca
101 Язык документа 0_
a Язык текста tat
102 Страна публикации __
a Страна публикации RU
105 Кодированные данные (монография) __
a Кодированные данные (монография) y###||||000|y
181 Поле кодированных данных: вид содержания _1
a Код вида содержания (ISBD) i#
b Код характеристики содержания (ISBD) #xxe##
d i
g x
h x
i e
182 Поле кодированных данных: тип средства _1
a Код типа средства (ISBD) n
2 Код системы (источник кода, отличный от ISBD) isbdmedia
200 Заглавие и сведения об ответственности 1_
a Заглавие Бергә уйнавы рәхәт!
b Общее обозначение материала Текст
d Параллельное заглавие Вместе весело играть!
e Сведения, относящиеся к заглавию развивающие игры для детей дошкольного возраста
e Сведения, относящиеся к заглавию на татар. яз.
g Последующие сведения об ответственности авт.-сост. Л. А. Закирзянова
g Последующие сведения об ответственности худож. О. Ярикова
w Текст (визуальный) : непосредственный
z Язык параллельного заглавия rus
203 Вид содержания и тип средства __
a Вид содержания Текст
b Характеристика содержания визуальный
c Тип средства непосредственный
210 Выходные данные 1_
a Место издания Казань
c Издательство Татарское книжное издательство
d Дата издания 2017
215 Физическое описание __
a Объем 78, [1] с.
d Формат 20 см.
333 Примечание о целевом назначении __
a Примечание о целевом назначении 0+
606 Тематические рубрики 0_
a Основная рубрика Развивающие игры для дошкольников - Методические пособия
610 Ключевые слова 0_
a Ключевые слова игры для дошкольников
a Ключевые слова подготовка к школе
a Ключевые слова развивающие игры
a Ключевые слова игры дидактические
a Ключевые слова пособия методические
686 Индексы других классификаций __
a Классификационный индекс 74.100.58
2 Код системы ББК
801 Источник записи _0
a Страна RU
b Организация МБУК ЦБС
c Дата составления 20180207
g Правила каталогизации RCR
801 Источник записи _1
a Страна RU
b Организация МБУК ЦБС г. Ульяновска
c Дата составления 20180207
g Правила каталогизации RCR
899 Данные о местонахождении __
i Авторский знак Б 48
j Расстановочный фильтр 74.1
901 Тип документа __
t Тип документа m
910 Корректоры записи __
a Корректор записи Тургенева